Ładuje się......
Vyaasamahabharatham
| Główni autorzy: | , |
|---|---|
| Format: | Printed Book |
| Wydane: |
Thrissur, Author
1968
|
| Seria: | 35
|
| Hasła przedmiotowe: |
| LEADER | 005910000a22002170004500 | ||
|---|---|---|---|
| 022 | |a 22-07-2004 | ||
| 041 | |a Malayalam | ||
| 082 | |a 294.592 3 K8.35 | ||
| 100 | |a Prakasam, K |f Tr | ||
| 100 | |a Vedavyasa | ||
| 245 | |a Vyaasamahabharatham | ||
| 260 | |a Thrissur, Author | ||
| 260 | |c 1968 | ||
| 490 | |a 35 | ||
| 650 | |a Hinduism | ||
| 650 | |a Mahabharatha | ||
| 650 | |a Sacred books | ||
| 650 | |a Sanskrit literature | ||
| 942 | |c BK | ||
| 999 | |c 144545 |d 144541 | ||
| 952 | |0 0 |1 0 |4 0 |6 294_592000000000000_3_K8_35 |7 0 |9 143322 |a SCC |b SCC |d 2017-10-11 |l 0 |o 294.592 3 K8.35 |p SCC01549 |r 2017-10-11 |w 2017-10-11 |y BK | ||